[Event "Titled Tue 3rd Jan Late"]
[Site "chess.com INT"]
[Date "2025.06.03"]
[Round "2"]
[White "Garcia Correa, Jose Ricardo"]
[Black "Sroczynski, Maciej"]
[Result "0-1"]
[WhiteTitle "FM"]
[BlackTitle "FM"]
[WhiteElo "2103"]
[BlackElo "2236"]
[WhiteFideId "5101832"]
[BlackFideId "1121472"]
[EventDate "2025.06.03"]

1. e4 c5 2. Nf3 a6 3. d4 cxd4 4. Nxd4 Nf6 5. Bd3 e5 6. Nf3 d6 7. O-O Be7 8. c4
Bg4 9. h3 Bh5 10. Be3 O-O 11. Be2 Nxe4 12. Qd5 Nf6 13. Qxb7 Nbd7 14. Qb3 Rb8 15.
Qc2 Bg6 16. Qc1 d5 17. Nh4 d4 18. Nxg6 hxg6 19. Bg5 Nc5 20. Rd1 Qc7 21. Nd2 a5
22. Bf1 e4 23. b3 Qe5 24. Bxf6 Bxf6 25. Rb1 Rfd8 26. Re1 Qf5 27. g4 Qe5 28. Bg2
Nd3 29. Qc2 Nxe1 30. Rxe1 e3 31. Nf3 Qf4 32. fxe3 dxe3 33. g5 Bxg5 34. Nxg5 Qxg5
35. Qe4 Re8 36. Qf3 Rbd8 37. Re2 Rd2 38. h4 Qc5 39. Kh2 Rxe2 40. Qxe2 Qe5+ 41.
Kg1 Qg3 42. h5 gxh5 43. Qxh5 e2 0-1

[Event "Titled Tue 3rd Jan Late"]
[Site "chess.com INT"]
[Date "2025.06.03"]
[Round "2"]
[White "Garcia Almaguer, Juan Manuel"]
[Black "Semenova, Alina"]
[Result "1-0"]
[WhiteTitle "CM"]
[BlackTitle "WFM"]
[WhiteElo "2142"]
[BlackElo "2084"]
[WhiteFideId "5110491"]
[BlackFideId "24113875"]
[EventDate "2025.06.03"]

1. d4 Nf6 2. Nc3 g6 3. Bf4 Bg7 4. e4 d6 5. Be2 Nc6 6. h3 h6 7. Qd2 g5 8. Bh2 a5
9. O-O-O Bd7 10. e5 Nh7 11. exd6 cxd6 12. f4 Qb6 13. Nd5 Qd8 14. Nf3 e6 15. fxg5
hxg5 16. Ne3 Qb6 17. Nc4 Qb4 18. c3 Qa4 19. b3 1-0

[Event "Titled Tue 3rd Jan Late"]
[Site "chess.com INT"]
[Date "2025.06.03"]
[Round "2"]
[White "Papasimakopoulos, Alexandros"]
[Black "Becking, Stephan"]
[Result "1-0"]
[WhiteTitle "IM"]
[BlackTitle "IM"]
[WhiteElo "2366"]
[BlackElo "2410"]
[WhiteFideId "4244125"]
[BlackFideId "4632478"]
[EventDate "2025.06.03"]

1. d4 Nf6 2. c4 e6 3. Nc3 Bb4 4. Qc2 d5 5. cxd5 exd5 6. Bg5 c6 7. e3 Bg4 8. Bd3
Bh5 9. Ne2 Bg6 10. Nf4 Be7 11. O-O O-O 12. Rab1 Re8 13. b4 a6 14. a4 b5 15. Bxg6
hxg6 16. Bxf6 Bxf6 17. Nce2 Qb6 18. Rfc1 Ra7 19. a5 Qd8 20. Rb3 Be7 21. Nd3 Bd6
22. h3 Rc7 23. Nef4 Rce7 24. Rc3 Qd7 25. Ne2 Qf5 26. Nc5 Qxc2 27. R3xc2 Bxc5 28.
Rxc5 Re6 29. Nf4 Rd6 30. Nd3 f6 31. R5c2 Kf7 32. Nc5 g5 33. Kf1 g6 34. Ke2 Rdd8
35. Kd3 f5 36. f3 Re7 37. Re2 Rde8 38. Rce1 Ra7 39. e4 dxe4+ 40. fxe4 Nd7 41.
exf5 Nxc5+ 42. dxc5 Rd8+ 43. Kc3 gxf5 44. Re5 Rad7 45. Rxf5+ Kg6 46. Rf3 Rd1 47.
Re6+ Kg7 48. Rf2 Rc1+ 49. Kb2 1-0

[Event "Titled Tue 3rd Jan Late"]
[Site "chess.com INT"]
[Date "2025.06.03"]
[Round "2"]
[White "Vila Dupla, Aurelio"]
[Black "Ozalp, Burak"]
[Result "0-1"]
[WhiteTitle "FM"]
[BlackTitle "CM"]
[WhiteElo "2056"]
[BlackElo "2059"]
[WhiteFideId "2203383"]
[BlackFideId "6314210"]
[EventDate "2025.06.03"]

1. c4 e5 2. Nc3 Nf6 3. Nf3 Nc6 4. d3 d5 5. cxd5 Nxd5 6. g3 Nf6 7. Bg2 h6 8. a3
Be6 9. b4 Bd6 10. Bd2 O-O 11. O-O Qd7 12. Re1 Rfe8 13. Rc1 Rad8 14. Na4 Bh3 15.
Nc5 Bxc5 16. Rxc5 Bxg2 17. Kxg2 e4 18. Nh4 exd3 19. e4 Nxe4 20. Rxe4 Rxe4 21.
Qf3 Qg4 22. Nf5 Qxf3+ 23. Kxf3 Re2 24. Bc3 Rc2 0-1

[Event "Titled Tue 3rd Jan Late"]
[Site "chess.com INT"]
[Date "2025.06.03"]
[Round "2"]
[White "Ivanov, Andrey A."]
[Black "Postny, Evgeny"]
[Result "1-0"]
[WhiteTitle "CM"]
[BlackTitle "GM"]
[WhiteElo "2103"]
[BlackElo "2525"]
[WhiteFideId "2514311"]
[BlackFideId "2804344"]
[EventDate "2025.06.03"]

1. Nf3 d5 2. d4 Nf6 3. c4 c6 4. Nc3 a6 5. a4 Bg4 6. Qb3 Ra7 7. c5 Bxf3 8. gxf3
Nbd7 9. Bf4 g6 10. Bh3 Bg7 11. Bxd7+ Nxd7 12. e3 O-O 13. h4 e5 14. dxe5 Nxc5 15.
Qc2 Nd7 16. e6 fxe6 17. O-O-O e5 18. Bg5 Qe8 19. h5 b5 20. Rdg1 h6 21. Bxh6 Bxh6
22. Rxg6+ Bg7 23. h6 Nf6 24. hxg7 Rxg7 25. Rgh6 b4 26. Ne2 e4 27. Nd4 Qd7 28.
Qc5 Kf7 29. Rxf6+ Kxf6 30. Qxf8+ Qf7 31. Qd6+ 1-0

[Event "Titled Tue 3rd Jan Late"]
[Site "chess.com INT"]
[Date "2025.06.03"]
[Round "2"]
[White "Vasquez Schroeder, Rodrigo"]
[Black "Hamedi Nia, Vesal"]
[Result "1-0"]
[WhiteTitle "GM"]
[BlackTitle "WIM"]
[WhiteElo "2446"]
[BlackElo "2010"]
[WhiteFideId "3400042"]
[BlackFideId "12542253"]
[EventDate "2025.06.03"]

1. e4 c5 2. Nf3 Nc6 3. d4 cxd4 4. Nxd4 Nf6 5. Nc3 e5 6. Ndb5 d6 7. Bg5 a6 8. Na3
b5 9. Nd5 Be7 10. Bxf6 Bxf6 11. c3 O-O 12. Nc2 Rb8 13. Be2 Bg5 14. O-O Be6 15.
Qd3 Ne7 16. Ncb4 Nxd5 17. Nxd5 Qc8 18. Rfd1 Qc5 19. Qg3 Bd8 20. Rd2 f5 21. Nb4
Rb6 22. exf5 Bxf5 23. Bg4 a5 24. Nd5 Rb7 25. Bxf5 Rxf5 26. Ne3 Rf4 27. Rd5 Qc6
28. Rad1 Rd7 29. Qh3 Rff7 30. Qe6 Bc7 31. Rxe5 dxe5 32. Qxc6 Rxd1+ 33. Nxd1 1-0

[Event "Titled Tue 3rd Jan Late"]
[Site "chess.com INT"]
[Date "2025.06.03"]
[Round "2"]
[White "Sohal, Tanraj"]
[Black "Khodabandeh, Milad"]
[Result "0-1"]
[WhiteTitle "FM"]
[BlackTitle "CM"]
[WhiteElo "2234"]
[BlackElo "1957"]
[WhiteFideId "2608499"]
[BlackFideId "12538620"]
[EventDate "2025.06.03"]

1. e4 e5 2. Nc3 Nf6 3. Nf3 Nc6 4. Bc4 Bc5 5. d3 d6 6. a3 a6 7. h3 O-O 8. Be3 Ba7
9. Bg5 h6 10. Bh4 g5 11. Nxg5 hxg5 12. Bxg5 Be6 13. Nd5 Bxd5 14. Bxd5 Kg7 15. c3
Rh8 16. Qf3 Qe7 17. g4 Nd8 18. h4 c6 19. Bb3 Ne6 20. O-O-O Nxg5 21. hxg5 Nd7 22.
Qf5 Nc5 23. Bc2 Ne6 24. Kb1 Qxg5 25. Qf3 Qf4 26. Qg2 Qxf2 27. Qxf2 Bxf2 28. d4
Rxh1 29. Rxh1 Rh8 30. Rf1 Rh2 31. Bb3 exd4 32. cxd4 Nxd4 33. Bd1 f6 0-1

[Event "Titled Tue 3rd Jan Late"]
[Site "chess.com INT"]
[Date "2025.06.03"]
[Round "2"]
[White "Niemann, Hans Moke"]
[Black "Navoyan, Gagik"]
[Result "1-0"]
[WhiteTitle "GM"]
[BlackTitle "CM"]
[WhiteElo "2736"]
[BlackElo "2186"]
[WhiteFideId "2093596"]
[BlackFideId "13314866"]
[EventDate "2025.06.03"]

1. e4 e5 2. Nf3 Nc6 3. Bc4 Nf6 4. d3 Bc5 5. O-O d6 6. c3 h6 7. Re1 a6 8. Nbd2
Ba7 9. Nf1 Qe7 10. Ng3 g5 11. b4 g4 12. Nh4 Nxe4 13. dxe4 Qxh4 14. Qb3 Qf6 15.
Be3 Bxe3 16. fxe3 Be6 17. Rf1 Qe7 18. Nf5 Bxf5 19. Rxf5 O-O-O 20. Bd5 Kb8 21. b5
Na5 22. Qb4 b6 23. bxa6 Rhf8 24. Rb1 Ka7 25. Rf2 Rb8 26. Qb5 c5 27. a4 c4 28.
Rf5 f6 29. Rbf1 Rbc8 30. Rb1 Qd8 31. Rbf1 Rc5 32. Qb2 Kxa6 33. Qe2 Qe7 34. Qxg4
Nb3 35. Qe2 Qc7 36. Rxf6 Rxf6 37. Rxf6 Ka5 38. Rf7 Qb8 39. Bxc4 Nc1 40. Qb2 Kxa4
41. Qb4# 1-0

[Event "Titled Tue 3rd Jan Late"]
[Site "chess.com INT"]
[Date "2025.06.03"]
[Round "2"]
[White "Sadubayev, Airat"]
[Black "Toroptseva, Yevheniia"]
[Result "1-0"]
[WhiteTitle "FM"]
[BlackTitle "WFM"]
[WhiteElo "2211"]
[BlackElo "2064"]
[WhiteFideId "13713264"]
[BlackFideId "34109374"]
[EventDate "2025.06.03"]

1. d4 c6 2. c4 d5 3. Nf3 g6 4. Nc3 Bg7 5. cxd5 cxd5 6. Bf4 Nc6 7. e3 Bg4 8. Be2
Bxf3 9. Bxf3 e6 10. Qb3 Nge7 11. Qxb7 O-O 12. O-O e5 13. dxe5 Rb8 14. Qa6 Nxe5
15. Bxe5 Bxe5 16. Rad1 Qc7 17. g3 Bxc3 18. bxc3 Qxc3 19. Qxa7 Nc6 20. Qc7 Rfc8
21. Qd6 Rd8 22. Qf4 Nb4 23. a4 Qa3 24. Rd4 Qxa4 25. Rb1 Qc2 26. Rdxb4 Ra8 27.
R4b2 Qc4 28. Qxc4 1-0

[Event "Titled Tue 3rd Jan Late"]
[Site "chess.com INT"]
[Date "2025.06.03"]
[Round "2"]
[White "Sethuraman, Roshan"]
[Black "Muromtsev, Arthur"]
[Result "1-0"]
[BlackTitle "FM"]
[WhiteElo "2074"]
[BlackElo "1967"]
[WhiteFideId "30965250"]
[BlackFideId "4177002"]
[EventDate "2025.06.03"]

1. e4 e5 2. Nf3 Nc6 3. Bb5 a6 4. Ba4 d6 5. d4 b5 6. Bb3 Nxd4 7. Nxd4 exd4 8. Bd5
Rb8 9. Qxd4 Nf6 10. O-O Be7 11. Nc3 O-O 12. a3 Ng4 13. Qd3 Kh8 14. Ne2 f5 15.
Nd4 Ne5 16. Qe2 f4 17. f3 c6 18. Ba2 Qb6 19. c3 c5 20. Nc2 c4+ 21. Kh1 Nd3 22.
Nb4 Bb7 23. Nxd3 cxd3 24. Qxd3 Rbd8 25. Bd2 d5 26. exd5 Qh6 27. Be1 Bh4 28. Bxh4
Qxh4 29. Rae1 Rf6 30. Qe4 Rh6 31. Qe8+ 1-0

[Event "Titled Tue 3rd Jan Late"]
[Site "chess.com INT"]
[Date "2025.06.03"]
[Round "2"]
[White "Baltabaev, Temirlan"]
[Black "Drozdowski, Kacper"]
[Result "0-1"]
[WhiteTitle "FM"]
[BlackTitle "IM"]
[WhiteElo "2295"]
[BlackElo "2450"]
[WhiteFideId "4112172"]
[BlackFideId "1136720"]
[EventDate "2025.06.03"]

1. d4 Nf6 2. Nf3 e6 3. c4 d5 4. g3 Bd6 5. Bg2 h6 6. O-O O-O 7. b3 a5 8. Nc3 c6
9. Qc2 Nbd7 10. Rd1 Qe7 11. e4 dxe4 12. Nxe4 Nxe4 13. Qxe4 e5 14. dxe5 Nxe5 15.
Bb2 Nxf3+ 16. Qxf3 Bc5 17. Qc3 Qg5 18. Re1 Bb4 19. Qe3 Bxe1 20. Rxe1 Qxe3 21.
Rxe3 Be6 22. Be4 Rfd8 23. Bc3 a4 24. Kg2 axb3 25. axb3 Ra3 26. Bb4 Ra2 27. Bc3
Rd1 28. h3 Rd8 29. g4 Rc8 30. Kg3 b5 31. f4 bxc4 32. f5 Bd5 33. bxc4 Bxe4 34.
Rxe4 Ra3 35. Re3 Rb8 36. Kf4 Rbb3 37. Bd4 Rxe3 38. Bxe3 Rc3 39. c5 f6 40. h4 Kf7
41. Ke4 Rc4+ 42. Kf3 h5 43. gxh5 Rxh4 44. Kg3 Rxh5 45. Kg4 Rh1 46. Bf4 Rg1+ 47.
Kf3 g6 48. fxg6+ Kxg6 0-1

[Event "Titled Tue 3rd Jan Late"]
[Site "chess.com INT"]
[Date "2025.06.03"]
[Round "2"]
[White "Gelman, Alexander"]
[Black "Yue, Tariq"]
[Result "1-0"]
[WhiteTitle "IM"]
[BlackTitle "CM"]
[WhiteElo "2403"]
[BlackElo "2192"]
[WhiteFideId "4118316"]
[BlackFideId "30975182"]
[EventDate "2025.06.03"]

1. d4 Nf6 2. Nc3 d5 3. Bf4 c6 4. f3 Bf5 5. g4 Bg6 6. h4 h6 7. e3 h5 8. g5 Nfd7
9. e4 e6 10. Nge2 Bb4 11. a3 Ba5 12. Bh3 dxe4 13. fxe4 Bxe4 14. O-O Bg6 15. Bg3
Bxc3 16. bxc3 c5 17. Nf4 Nf8 18. Rb1 cxd4 19. Rxb7 Nbd7 20. Qxd4 Qc8 21. Rfb1
Bxc2 22. R1b2 Bg6 23. Bg2 Rb8 24. Rxb8 Nxb8 25. Nxg6 Nc6 26. Bxc6+ 1-0

[Event "Titled Tue 3rd Jan Late"]
[Site "chess.com INT"]
[Date "2025.06.03"]
[Round "2"]
[White "Lacasa Diaz, Josep Anton"]
[Black "Sindarov, Islombek"]
[Result "1-0"]
[WhiteTitle "IM"]
[BlackTitle "CM"]
[WhiteElo "2304"]
[BlackElo "2129"]
[WhiteFideId "2203375"]
[BlackFideId "14205475"]
[EventDate "2025.06.03"]

1. e4 c5 2. Nf3 Nc6 3. Nc3 g6 4. d4 cxd4 5. Nxd4 Bg7 6. Be3 d6 7. Bc4 Nf6 8. f3
O-O 9. Qd2 Bd7 10. O-O-O Ne5 11. Bb3 Rc8 12. Kb1 Nc4 13. Bxc4 Rxc4 14. g4 a6 15.
h4 b5 16. h5 b4 17. Nce2 Qc7 18. Bh6 Bxh6 19. Qxh6 e5 20. Nf5 Bxf5 21. gxf5 Rxc2
22. hxg6 fxg6 23. fxg6 Rxe2 24. gxh7+ Kf7 25. Qxf8+ Kxf8 26. h8=Q+ Kf7 27. Rh7+ 1-0

[Event "Titled Tue 3rd Jan Late"]
[Site "chess.com INT"]
[Date "2025.06.03"]
[Round "2"]
[White "Mikhalevski, Victor"]
[Black "Guliev, Gasan"]
[Result "1-0"]
[WhiteTitle "GM"]
[BlackTitle "CM"]
[WhiteElo "2513"]
[BlackElo "2123"]
[WhiteFideId "2801914"]
[BlackFideId "34165638"]
[EventDate "2025.06.03"]

1. Nf3 Nf6 2. g3 e6 3. Bg2 d5 4. O-O Be7 5. c4 O-O 6. b3 b6 7. Bb2 Bb7 8. e3 c5
9. Nc3 Nc6 10. Qe2 Re8 11. d3 Bf8 12. Rfd1 Qc7 13. Rac1 Rad8 14. cxd5 exd5 15.
d4 Qb8 16. Na4 Ne4 17. dxc5 Nxc5 18. Nd4 Nxd4 19. Bxd4 Nxa4 20. bxa4 Rc8 21. a5
Rxc1 22. Rxc1 Rc8 23. Rb1 Bc5 24. Bxc5 Rxc5 25. axb6 axb6 26. Rxb6 Rc1+ 27. Bf1
Qa7 28. Qb5 g6 29. Rxb7 Qxa2 30. Qe8+ Kg7 31. Qxf7+ Kh6 32. Qxh7+ Kg5 33. Qh4+
Kf5 34. Qf4+ Ke6 35. Rb6+ Kd7 36. Qd6+ Ke8 37. Rb8+ Kf7 38. Rb7+ Ke8 39. Qe7# 1-0

[Event "Titled Tue 3rd Jan Late"]
[Site "chess.com INT"]
[Date "2025.06.03"]
[Round "2"]
[White "Ozen, Batuhan"]
[Black "Sailer, Mike"]
[Result "1-0"]
[WhiteTitle "CM"]
[WhiteElo "2128"]
[BlackElo "2108"]
[WhiteFideId "6345123"]
[BlackFideId "2012901"]
[EventDate "2025.06.03"]

1. c4 c6 2. g3 d5 3. Bg2 Nf6 4. Nf3 Bf5 5. b4 e6 6. b5 Be7 7. O-O O-O 8. bxc6
bxc6 9. Bb2 Nbd7 10. Na3 Rb8 11. Bc3 Ne4 12. Nb1 Nxc3 13. Nxc3 Qa5 14. Nh4 Bxh4
15. gxh4 Rb2 16. Rc1 Rfb8 17. cxd5 cxd5 18. d4 Nf6 19. e3 h6 20. Qf3 Qa3 21. Qg3
Bc2 22. Rxc2 Nh5 23. Qe5 Rxc2 24. Qxb8+ Kh7 25. Qe5 Nf6 26. Nb5 Qxa2 27. Nd6 Kg8
28. e4 Ng4 29. Qf4 Nf6 30. e5 Qa3 31. exf6 Qxd6 32. Qxd6 1-0

[Event "Titled Tue 3rd Jan Late"]
[Site "chess.com INT"]
[Date "2025.06.03"]
[Round "2"]
[White "Khenkin, Igor"]
[Black "Mendes Aaron Reeve"]
[Result "0-1"]
[WhiteTitle "GM"]
[BlackTitle "IM"]
[WhiteElo "2499"]
[BlackElo "2335"]
[WhiteFideId "4659600"]
[BlackFideId "25954938"]
[EventDate "2025.06.03"]

1. Nf3 b6 2. g3 Bb7 3. Bg2 d6 4. d4 Nd7 5. O-O Ngf6 6. Re1 g6 7. Nc3 Bg7 8. e4
e5 9. a4 O-O 10. a5 bxa5 11. dxe5 Nxe5 12. Nxe5 dxe5 13. Rxa5 Qe7 14. Be3 Rfd8
15. Qa1 a6 16. Bc5 Qe6 17. Be3 Bf8 18. Qa4 Bc6 19. Qa2 Qxa2 20. Rxa2 Bb4 21. f3
Kg7 22. Rea1 a5 23. Ne2 Bd2 24. Kf2 a4 25. Nc3 Bxc3 26. bxc3 Bb5 27. Bf1 Bxf1
28. Kxf1 Ra6 29. Rxa4 Rxa4 30. Rxa4 Rd1+ 31. Kf2 Rh1 32. Kg2 Re1 33. Kf2 Rh1 34.
Kg2 Rb1 35. Rc4 Ne8 36. Rb4 Re1 37. Kf2 Rh1 38. Kg2 Re1 39. Kf2 Ra1 40. Rb8 Nd6
41. Rb2 Rh1 42. Kg2 Re1 43. Kf2 Rxe3 0-1

[Event "Titled Tue 3rd Jan Late"]
[Site "chess.com INT"]
[Date "2025.06.03"]
[Round "2"]
[White "Gyurjinyan, Valter"]
[Black "Orshonova, Elena"]
[Result "1-0"]
[WhiteTitle "CM"]
[BlackTitle "WFM"]
[WhiteElo "2208"]
[BlackElo "1948"]
[WhiteFideId "13318179"]
[BlackFideId "24174750"]
[EventDate "2025.06.03"]

1. d4 d5 2. c4 c6 3. Nc3 Nf6 4. Nf3 e6 5. e3 Nbd7 6. Bd3 dxc4 7. Bxc4 b5 8. Bd3
Be7 9. O-O a6 10. e4 c5 11. e5 Nd5 12. Nxd5 exd5 13. Re1 c4 14. Bc2 Nf8 15. a4
Bg4 16. h3 Bh5 17. b3 Ne6 18. axb5 axb5 19. Rxa8 Qxa8 20. bxc4 Bxf3 21. gxf3
dxc4 22. d5 Ng5 23. h4 Nh3+ 24. Kg2 Nxf2 25. Qd4 Nd3 26. Bxd3 cxd3 27. d6 Bd8
28. e6 O-O 29. e7 Qa2+ 30. Kh1 Re8 31. d7 Rxe7 32. Rxe7 Bxe7 33. d8=Q+ Bf8 34.
Qxf8+ Kxf8 35. Qd8# 1-0

[Event "Titled Tue 3rd Jan Late"]
[Site "chess.com INT"]
[Date "2025.06.03"]
[Round "2"]
[White "Baches Garcia, Guillermo"]
[Black "Ugarte Soto, Cesar"]
[Result "1-0"]
[WhiteTitle "IM"]
[BlackTitle "CM"]
[WhiteElo "2305"]
[BlackElo "2088"]
[WhiteFideId "2209764"]
[BlackFideId "3601331"]
[EventDate "2025.06.03"]

1. d4 d5 2. Nf3 e6 3. c4 Nf6 4. Nc3 h6 5. cxd5 exd5 6. Bf4 Bd6 7. Bxd6 Qxd6 8.
e3 Bg4 9. Bd3 O-O 10. Qb3 Nbd7 11. O-O-O c6 12. Kb1 b5 13. h3 Be6 14. g4 Nb6 15.
Ne5 Nc4 16. Bxc4 bxc4 17. Qc2 Rfb8 18. Ka1 c5 19. f4 cxd4 20. Rxd4 Rb6 21. Rb1
Qc7 22. Nf3 Rab8 23. Rd2 a5 24. Nd4 Bd7 25. g5 Ne4 26. Nxd5 Nxd2 27. Nxc7 Nxb1
28. Kxb1 hxg5 29. fxg5 Bxh3 30. Nd5 R6b7 31. Nc6 Re8 32. Qxc4 Be6 33. e4 Rd7 34.
b3 Rd6 35. Nce7+ Rxe7 36. Nxe7+ Kf8 37. Nd5 1-0

[Event "Titled Tue 3rd Jan Late"]
[Site "chess.com INT"]
[Date "2025.06.03"]
[Round "2"]
[White "Shi, Roger V"]
[Black "Odegov, Artem"]
[Result "0-1"]
[BlackTitle "FM"]
[WhiteElo "2137"]
[BlackElo "2244"]
[WhiteFideId "30980119"]
[BlackFideId "34183644"]
[EventDate "2025.06.03"]

1. e4 Nf6 2. e5 Nd5 3. d4 Nb6 4. c4 d6 5. f4 d5 6. c5 Nc4 7. Nf3 c6 8. Nc3 b6 9.
cxb6 Nxb6 10. Bd3 e6 11. O-O Ba6 12. Be3 Bb4 13. Rc1 Bxd3 14. Qxd3 O-O 15. Ng5
g6 16. Nd1 Be7 17. h4 Nc4 18. b3 Nxe3 19. Nxe3 a5 20. a4 Na6 21. Ng4 Kg7 22. Qe3
h5 23. Nf2 Rc8 24. Nd3 Qb6 25. Nc5 Nxc5 26. dxc5 Qb4 27. g3 Rb8 28. Rf3 d4 29.
Qe4 Bxc5 30. Rd3 Be7 31. Rxc6 Rfc8 32. Nf3 Qb7 33. Nxd4 Bc5 34. Kh2 Bxd4 35.
Qxd4 Qxc6 36. Kh3 Rxb3 37. Rxb3 Qh1# 0-1

[Event "Titled Tue 3rd Jan Late"]
[Site "chess.com INT"]
[Date "2025.06.03"]
[Round "2"]
[White "Panin, Mikhail"]
[Black "Petrenko, Maryna"]
[Result "1-0"]
[WhiteTitle "CM"]
[BlackTitle "WFM"]
[WhiteElo "2262"]
[BlackElo "2116"]
[WhiteFideId "34164992"]
[BlackFideId "14197820"]
[EventDate "2025.06.03"]

1. e4 c6 2. d4 d5 3. Nc3 dxe4 4. Nxe4 Nf6 5. Nxf6+ exf6 6. Bc4 Bd6 7. Qe2+ Qe7
8. Qxe7+ Kxe7 9. Ne2 Bf5 10. c3 Nd7 11. Bf4 Nb6 12. Bb3 Bxf4 13. Nxf4 Rhe8 14.
O-O-O Kf8 15. Rhe1 a5 16. a4 Rad8 17. f3 Rxe1 18. Rxe1 Re8 19. Rxe8+ Kxe8 20.
Kd2 Ke7 21. g4 Be6 22. Bxe6 fxe6 23. b3 Kd6 24. Nh5 e5 25. Kd3 Nd5 26. Nxg7 Nf4+
27. Kc4 Ne6 28. Nxe6 Kxe6 29. Kc5 exd4 30. cxd4 f5 31. g5 f4 32. Kb6 Kd5 33.
Kxb7 Kxd4 34. h4 Ke3 35. h5 Kxf3 36. g6 hxg6 37. hxg6 Ke2 38. g7 f3 39. g8=Q f2
40. Qc4+ Ke1 41. Kxc6 1-0

[Event "Titled Tue 3rd Jan Late"]
[Site "chess.com INT"]
[Date "2025.06.03"]
[Round "2"]
[White "Bok, Benjamin"]
[Black "George, Kevin"]
[Result "1-0"]
[WhiteTitle "GM"]
[BlackTitle "IM"]
[WhiteElo "2591"]
[BlackElo "2301"]
[WhiteFideId "1017063"]
[BlackFideId "10669515"]
[EventDate "2025.06.03"]

1. d4 Nf6 2. c4 e6 3. Nc3 Bb4 4. Qc2 d5 5. a3 Bxc3+ 6. Qxc3 Ne4 7. Qc2 c5 8.
dxc5 Nc6 9. Nf3 Qa5+ 10. Bd2 Qxc5 11. e3 Nxd2 12. Nxd2 O-O 13. Bd3 h6 14. cxd5
Qxd5 15. Bh7+ Kh8 16. Be4 Qd6 17. Bxc6 bxc6 18. Ne4 Qd5 19. O-O Rb8 20. b4 a5
21. Rfd1 Qf5 22. bxa5 Qxa5 23. Qc5 Qxc5 24. Nxc5 Rb5 25. Rdc1 e5 26. a4 Ra5 27.
Nb3 Ra6 28. a5 Bf5 29. e4 Bg4 30. f3 Bh5 31. Nc5 Raa8 32. a6 f6 33. Rcb1 Rf7 34.
Rb6 Rc7 35. Kf2 Kh7 36. Rb7 Rxb7 37. axb7 Rxa1 38. b8=Q Rc1 39. Ne6 Rc2+ 40. Kg3
Bf7 41. Nf8+ Kg8 42. Qd8 c5 43. Nd7+ Kh7 44. Qe7 1-0

[Event "Titled Tue 3rd Jan Late"]
[Site "chess.com INT"]
[Date "2025.06.03"]
[Round "2"]
[White "Rozman, Levy"]
[Black "Flynn, Jacob"]
[Result "1-0"]
[WhiteTitle "IM"]
[BlackTitle "CM"]
[WhiteElo "2324"]
[BlackElo "2271"]
[WhiteFideId "2039877"]
[BlackFideId "2509393"]
[EventDate "2025.06.03"]

1. d4 d5 2. Bf4 Nf6 3. Nc3 a6 4. e3 e6 5. g4 Bb4 6. g5 Ne4 7. Ne2 Bd7 8. h4 Bb5
9. Bg2 Bxe2 10. Kxe2 Bxc3 11. Bxe4 Bxb2 12. Rb1 dxe4 13. Rxb2 b6 14. c4 Nc6 15.
d5 e5 16. dxc6 exf4 17. exf4 Qe7 18. Rd2 O-O 19. Rd7 Qa3 20. Qb3 Qc5 21. Rxc7
Rac8 22. Rxc8 Rxc8 23. Rd1 Qxc6 24. h5 Qe6 25. Ke1 Qg4 26. Qxb6 Qg1+ 27. Kd2 Qh2
28. Kc3 Qh3+ 29. Kb2 Re8 30. Rd8 1-0

[Event "Titled Tue 3rd Jan Late"]
[Site "chess.com INT"]
[Date "2025.06.03"]
[Round "2"]
[White "Tahmasebi, Hamidreza"]
[Black "Do Carmo, Gabriel Carckeno"]
[Result "1-0"]
[WhiteTitle "FM"]
[WhiteElo "2298"]
[BlackElo "2021"]
[WhiteFideId "12537527"]
[BlackFideId "22783024"]
[EventDate "2025.06.03"]

1. e4 e6 2. d4 d5 3. Nc3 Nf6 4. Bg5 Bb4 5. e5 h6 6. Bd2 Bxc3 7. bxc3 Ne4 8. Bc1
c5 9. Ne2 cxd4 10. cxd4 Qa5+ 11. c3 Bd7 12. f3 Ba4 13. Qd3 Bb5 14. Qe3 Bxe2 15.
Bxe2 Qxc3+ 16. Qxc3 Nxc3 17. Bd3 Nc6 18. Bd2 Na4 19. Rb1 Nb6 20. Be3 O-O 21. Ke2
Rfc8 22. g4 Rc7 23. g5 hxg5 24. Rhg1 f6 25. f4 gxf4 26. Bxf4 Nxd4+ 27. Ke3 fxe5
28. Bxe5 Nc2+ 29. Kd2 1-0

[Event "Titled Tue 3rd Jan Late"]
[Site "chess.com INT"]
[Date "2025.06.03"]
[Round "2"]
[White "Ismagilov, Damir"]
[Black "Madaminov, Mukhiddin"]
[Result "0-1"]
[WhiteTitle "CM"]
[BlackTitle "GM"]
[WhiteElo "2173"]
[BlackElo "2520"]
[WhiteFideId "34199982"]
[BlackFideId "14210703"]
[EventDate "2025.06.03"]

1. d4 Nf6 2. c4 g6 3. Nc3 Bg7 4. e4 d6 5. Be2 O-O 6. Nf3 e5 7. O-O h6 8. Re1 a5
9. Bf1 Bg4 10. d5 Na6 11. h3 Bxf3 12. Qxf3 Nc5 13. b3 Nfd7 14. Rb1 f5 15. a3 a4
16. bxa4 b6 17. Qg3 Kh7 18. f4 exf4 19. Bxf4 g5 20. Bd2 Bd4+ 21. Kh1 f4 22. Qf3
Ne5 23. Qh5 f3 24. Nb5 Bf2 25. Red1 Nxe4 26. Bxg5 Nxg5 27. Bd3+ Kg7 28. h4 Rf4
29. hxg5 Rh4+ 30. Qxh4 Bxh4 31. gxh6+ Kh8 32. Bf5 fxg2+ 33. Kxg2 Qg5+ 0-1

[Event "Titled Tue 3rd Jan Late"]
[Site "chess.com INT"]
[Date "2025.06.03"]
[Round "2"]
[White "Carnicelli, Valerio"]
[Black "Norowitz, Yaacov"]
[Result "1-0"]
[WhiteTitle "FM"]
[BlackTitle "IM"]
[WhiteElo "2396"]
[BlackElo "2400"]
[WhiteFideId "856185"]
[BlackFideId "2024799"]
[EventDate "2025.06.03"]

1. b3 b6 2. e4 Bb7 3. Nc3 c5 4. Nf3 g6 5. Bb2 Bg7 6. d4 cxd4 7. Nxd4 Nc6 8. Nxc6
dxc6 9. Qf3 Nf6 10. e5 Nd5 11. Nxd5 Qxd5 12. Qxd5 cxd5 13. Bb5+ Kd8 14. O-O-O
Kc7 15. Rhe1 e6 16. h4 Rac8 17. Bd4 h6 18. Re3 g5 19. Rh1 Bc6 20. Bd3 Kb7 21.
Rg3 Rcg8 22. Kb2 gxh4 23. Rxh4 Bf8 24. Rhg4 Rxg4 25. Rxg4 h5 26. Rf4 Be8 27. Be2
h4 28. Rf3 Bc5 29. c3 Kc7 30. Rh3 Rg8 31. Bf3 Be7 32. Rh1 a5 33. a4 Rh8 34. Bg4
Rg8 35. f3 Rh8 36. Rc1 Bc5 37. b4 Bxd4 38. cxd4+ Kd8 39. Kb3 Rh6 40. bxa5 bxa5
41. Rc5 f6 42. Rxa5 fxe5 43. dxe5 Bd7 44. Ra8+ Kc7 45. Ra7+ Kc6 46. Kb4 Rg6 47.
a5 Rg5 48. a6 Rxe5 49. Rxd7 1-0